Statistics for Guess the Taylor Swift Song (no hints) 118

Click here to take the quiz!

General Stats

  • This quiz has been taken 27 times
  • The average score is 267 of 330

Answer Stats

Answer% Correct
I
100%
the
100%
a
96%
And
96%
and
96%
be
96%
if
96%
I'm
96%
it
96%
it's
96%
It's
96%
me
96%
my
96%
My
96%
so
96%
So
96%
we
96%
you
96%
You
96%
you,
96%
all
93%
All
93%
been
93%
but
93%
But
93%
for
93%
For
93%
in
93%
time,
93%
time
93%
to
93%
when
93%
I've
89%
just
89%
on
89%
some
89%
that
89%
This
89%
is
85%
like
85%
love
85%
No
85%
no
85%
Who
85%
at
81%
I'd
81%
of
81%
think
81%
was
81%
'Cause
78%
I'll
78%
night
78%
Stay,
78%
stay,
78%
stay
78%
Stay
78%
up
78%
best
74%
mad
74%
mad,
74%
one
74%
should
74%
That's
74%
"That's
74%
with
74%
about
70%
have
70%
loving
70%
never
70%
now
70%
quite
70%
said
70%
said,
70%
their
70%
both
67%
broke
67%
fun"
67%
funny
67%
last
67%
took
67%
came
63%
didn't
63%
fight
63%
football
63%
get
63%
helmet
63%
let's
63%
out
63%
talk"
63%
talk
63%
threw
63%
across
59%
always
59%
morning
59%
"Okay,
59%
phone
59%
pretty
59%
room
59%
sure
59%
those
59%
times
59%
turn
59%
almost
56%
away
56%
choice
56%
dramatic
56%
expecting
56%
given
56%
leave
56%
life
56%
only
56%
read
56%
stayed
56%
wearing
56%
whole
56%
because
52%
groceries
52%
hang
52%
hanging
52%
laughing
52%
unresolved
52%
Before
48%
carry
48%
dated
48%
dreams
48%
fears,
48%
gonna
48%
hopes
48%
indulgent
48%
memorize
48%
problem
48%
self
48%
takers
48%
else
44%
occurring
44%

Score Distribution

Percentile by Number Answered

Percent of People with Each Score

Your Score History

You have not taken this quiz